MARC

LEADER 00000nam0a2200000 4500
001 348838
005 20231102010139.0
035 |a (RuTPU)RU\TPU\retro\682 
090 |a 348838 
100 |a 20180321d1978 km y0rusy50 ca 
101 0 |a rus 
102 |a RU 
105 |a a z 001zy 
200 1 |a Автоматизированное проектирование технологии обработки материалов  |f А. И. Петров [и др.]  |g Ижевский металлургический завод 
210 |a Ижевск  |c Удмуртия  |d 1978 
215 |a 194 с.  |c ил. 
320 |a Библиогр.: с. 190-191 
606 1 |a Металлообработка  |x Технологическое проектирование  |x Автоматизация  |x Математические методы  |2 stltpush  |3 (RuTPU)RU\TPU\subj\42490  |9 62156 
610 1 |a элементы 
610 1 |a технологические процессы 
610 1 |a профили 
610 1 |a технологическое проектирование 
610 1 |a формализация 
610 1 |a технические средства 
610 1 |a документация 
610 1 |a результаты 
610 1 |a экспериментальная проверка 
610 1 |a ЭВМ 
610 1 |a станки с ЧПУ 
675 |a 621.7:658  |v 4 
701 1 |a Петров  |b А. И.  |g Альберт Иванович 
701 1 |a Тарасов  |b В. С.  |g Василий Семенович 
701 1 |a Девятериков  |b А. Г.  |g Анатолий Григорьевич 
701 1 |a Нирман  |b С. Е.  |g Соломон Евсеевич 
701 1 |a Лушников  |b В. М.  |g Виктор Михайлович 
712 0 2 |a Ижевский металлургический завод  |2 stltpush  |3 (RuTPU)RU\TPU\col\12489 
801 1 |a RU  |b 63413507  |c 20180321 
801 2 |a RU  |b 63413507  |c 20180322  |g RCR 
942 |c BK